[Event "GEO-ch 1st League 80th"]
[Site "Tbilisi"]
[Date "2021.04.02"]
[Round "5"]
[White "Lomsadze, David"]
[Black "Mindiashvili, Tengiz"]
[Result "0-1"]
[WhiteElo "2303"]
[BlackElo "1923"]
[PlyCount "108"]
[EventDate "2021.03.29"]
[EventType "swiss"]
[EventRounds "9"]
[EventCountry "GEO"]
[SourceTitle "CBM 202 Extra"]
[Source "ChessBase"]
[SourceDate "2021.07.31"]
[SourceVersion "1"]
[SourceVersionDate "2021.07.31"]
[SourceQuality "1"]

1. Nf3 c5 2. g3 Nc6 3. Bg2 g6 4. 0-0 Bg7 5. c4 d6 6. Nc3 Bg4 7. h3 Be6 8. d3 Qc8 9. Kh2 h5 10. e4 Nf6 11. Ng5 Bd7 12. f4 Ng4+ 13. Kh1 h4 14. f5 Nge5 15. g4 gxf5 16. exf5 Nb4 17. Nd5 Nxd5 18. cxd5 Bb5 19. Be4 Bf6 20. a4 Ba6 21. Nf3 Nxf3 22. Qxf3 Qc7 23. a5 0-0-0 24. Qg2 Kb8 25. Be3 Qd7 26. Rab1 Qb5 27. Qf2 Qb4 28. g5 Be5 29. Bd2 Qb3 30. Qf3 Qc2 31. Rfd1 Qb3 32. Rdc1 Rhg8 33. Qd1 c4 34. Qxb3 cxb3 35. g6 fxg6 36. fxg6 Rdf8 37. Bc3 Bb5 38. Bxe5 dxe5 39. Rf1 Rc8 40. Rg1 Rg7 41. Rg5 Rc2 42. Rf1 Rxb2 43. d6 exd6 44. Rf8+ Kc7 45. Rf7+ Rxf7 46. gxf7 Rf2 47. Rf5 Rxf5 48. Bxf5 b2 49. d4 e4 50. f8Q b1Q+ 51. Kh2 Qb2+ 52. Kh1 Qc1+ 53. Kg2 Qf1+ 54. Kh2 Bd7 0-1

[Event "GEO-ch 1st League 80th"]
[Site "Tbilisi"]
[Date "2021.03.30"]
[Round "2"]
[White "Mindiashvili, Tengiz"]
[Black "Tutisani, Noe"]
[Result "0-1"]
[WhiteElo "1923"]
[BlackElo "2427"]
[PlyCount "104"]
[EventDate "2021.03.29"]
[EventType "swiss"]
[EventRounds "9"]
[EventCountry "GEO"]
[SourceTitle "CBM 202 Extra"]
[Source "ChessBase"]
[SourceDate "2021.07.31"]
[SourceVersion "1"]
[SourceVersionDate "2021.07.31"]
[SourceQuality "1"]

1. e4 c5 2. Nf3 e6 3. d4 cxd4 4. Nxd4 a6 5. Nc3 b5 6. Bd3 Qb6 7. Nb3 Qc7 8. Qe2 Bb7 9. 0-0 b4 10. Nd1 Nf6 11. e5 Nd5 12. f4 Nc6 13. Ne3 Nb6 14. Nc4 Nxc4 15. Bxc4 Rc8 16. Bd3 a5 17. Be3 a4 18. Nd2 Ne7 19. Ne4 Nf5 20. Bf2 Bxe4 21. Bxe4 Bc5 22. Qd3 g6 23. Rad1 d5 24. exd6 Nxd6 25. Bf3 0-0 26. Bxc5 Qxc5+ 27. Qd4 Nc4 28. Qxc5 Rxc5 29. Rd4 Rb8 30. c3 b3 31. axb3 Rxb3 32. f5 gxf5 33. Rd8+ Kg7 34. Ra8 Nxb2 35. Ra7 Rbxc3 36. g4 f4 37. h4 h6 38. h5 a3 39. Be4 Rg3+ 40. Kh2 Rxg4 41. Bg6 Kf6 42. Rxf7+ Kg5 43. Ra7 Rc3 44. Rg1 Rxg1 45. Kxg1 Nc4 46. Kf2 Ne5 47. Ra5 Kf6 48. Be4 Re3 49. Ra4 Kg5 50. Bb1 Ng4+ 51. Kf1 Rc3 52. Be4 f3 0-1

[Event "Gaprindashvili Cup op 2nd"]
[Site "Tornelo INT"]
[Date "2020.11.09"]
[Round "5"]
[White "Mindiashvili, Tengiz"]
[Black "Morchiashvili, Bachana"]
[Result "1-0"]
[WhiteElo "1923"]
[BlackElo "2313"]
[PlyCount "25"]
[EventDate "2020.11.08"]
[EventType "swiss (rapid)"]
[EventRounds "9"]
[EventCountry "GEO"]
[SourceTitle "CBM 199 Extra"]
[Source "ChessBase"]
[SourceDate "2021.01.31"]
[SourceVersion "1"]
[SourceVersionDate "2021.01.31"]
[SourceQuality "1"]

1. b3 Nf6 2. Bb2 e6 3. e3 b6 4. Nf3 Bb7 5. c4 c5 6. Nc3 Be7 7. Qc2 0-0 8. Ng5 g6 9. h4 h5 10. Bd3 Qe8 11. Nce4 Nxe4 12. Nxe4 f5 13. Qc3 1-0